Komponenty inteligentných rečových užívateľských rozhraní

Základná štruktúra inteligentného rečového užívateľského rozhrania. Charakteristika a štruktúra komponentov. Chatbot systémy a užívateľské požiadavky. Inteligentné rozhranie schopné komunikovať v prirodzenej reči.

Gespeichert in:
Bibliographische Detailangaben
1. Verfasser: Gregor, Michal
Weitere Verfasser: Gregor, Milan
Format: Buchkapitel
Sprache:Slowakisch
Schlagworte:
Tags: Tag hinzufügen
Keine Tags, Fügen Sie das erste Tag hinzu!

MARC

LEADER 00000naa a2200000 4500
001 0206018
005 20220330121819.5
041 0 |a slo 
044 |a SK 
245 1 0 |a Komponenty inteligentných rečových užívateľských rozhraní  |c Michal Gregor, Milan Gregor 
520 |a Základná štruktúra inteligentného rečového užívateľského rozhrania. Charakteristika a štruktúra komponentov. Chatbot systémy a užívateľské požiadavky. Inteligentné rozhranie schopné komunikovať v prirodzenej reči. 
610 2 0 |a technológie nové 
610 2 0 |a syntéza systémov 
610 2 0 |a inžinierstvo znalostné 
610 2 0 |a systémy znalostné 
610 2 0 |a veda systémová 
100 1 |a Gregor, Michal 
700 1 |a Gregor, Milan